书目信息 |
| 题名: |
数字动画毕业设计指导
|
|
| 作者: | 蒋正清 主编 | |
| 分册: | ||
| 出版信息: | 上海 华东理工大学出版社 2016 |
|
| 页数: | 170页 | |
| 开本: | 26cm | |
| 丛书名: | 高等院校网络教育系列教材 | |
| 单 册: | ||
| 中图分类: | J954-39 , J954 | |
| 科图分类: | ||
| 主题词: | 数字技术--shu zi ji shu--应用--动画片--制作--毕业设计--高等学校--教学参考资料 | |
| 电子资源: | ||
| ISBN: | 978-7-5628-4769-4 | |
| 000 | 01085nam 2200277 450 | |
| 001 | 1753358312 | |
| 005 | 20161031095634.4 | |
| 010 | @a978-7-5628-4769-4@dCNY49.00 | |
| 100 | @a20161031d2016 em y0chiy50 ea | |
| 101 | 0 | @achi |
| 102 | @aCN@b310000 | |
| 105 | @aa a 000yy | |
| 106 | @ar | |
| 200 | 1 | @a数字动画毕业设计指导@Ashu zi dong hua bi ye she ji zhi dao@f主编蒋正清 |
| 210 | @a上海@c华东理工大学出版社@d2016 | |
| 215 | @a170页@c图@d26cm | |
| 225 | 2 | @a高等院校网络教育系列教材@Agao deng yuan xiao wang luo jiao yu xi lie jiao cai |
| 320 | @a有书目 (第170页) | |
| 330 | @a本教材体现应用型人才培养目标, 合理地选择和组织教材内容, 以视频教程和图形化、通俗易懂的语言, 精炼的文字组织为特点, 易读、易懂、易操作 ; 遵循网络教育教与学相对分离的规律, 适合于在职从业人员业余学习。 | |
| 410 | 0 | @12001 @a高等院校网络教育系列教材 |
| 606 | 0 | @a数字技术@Ashu zi ji shu@x应用@x动画片@x制作@x毕业设计@x高等学校@j教学参考资料 |
| 690 | @aJ954-39@v5 | |
| 690 | @aJ954@v4 | |
| 701 | 0 | @a蒋正清@Ajiang zheng qing@4主编 |
| 801 | 0 | @aCN@b人天书店@c20161031 |
| 905 | @aBZT@dJ954@e1 | |
| 数字动画毕业设计指导/主编蒋正清.-上海:华东理工大学出版社,2016 |
| 170页:图;26cm.-(高等院校网络教育系列教材) |
| ISBN 978-7-5628-4769-4:CNY49.00 |
| 本教材体现应用型人才培养目标, 合理地选择和组织教材内容, 以视频教程和图形化、通俗易懂的语言, 精炼的文字组织为特点, 易读、易懂、易操作 ; 遵循网络教育教与学相对分离的规律, 适合于在职从业人员业余学习。 |
| ● |
| 相关链接 |
|
|
|
正题名:数字动画毕业设计指导
索取号:J954/1
 
预约/预借
| 序号 | 登录号 | 条形码 | 馆藏地/架位号 | 状态 | 备注 |
| 1 | 821426 | 2000821426 | 第二书库/ [索取号:J954/1] | 在馆 | |
| 2 | 821427 | 2000821427 | 第二书库/ [索取号:J954/1] | 在馆 | |
| 3 | 821428 | 2000821428 | 第二书库/ [索取号:J954/1] | 在馆 |